Σχεδίαση εταιρικής ταυτότητας συνδυαστικής διαδικτυακής υπηρεσίας αγοραπωλησιών και κοινωνικής δικτύωσης : διπλωματική εργασία

Η πρωτότυπη συνδυαστική διαδικτυακή υπηρεσία αγοραπωλησιών και κοινωνικής δικτύωσης (www.pazarionline.gr) αποτελεί ένα εργαλείο, ή καλύτερα μια πλατφόρμα που δίνει τη δυνατότητα στον καθένα που ψάχνει κάτι διαφορετικό από τα μαζικά προϊόντα που μπορεί να βρει στις μεγάλες αλυσίδες καταστημάτων, να κ...

Πλήρης περιγραφή

Αποθηκεύτηκε σε:
Λεπτομέρειες βιβλιογραφικής εγγραφής
Κύριος συγγραφέας: Ζάβιακας, Θωμάς
Συγγραφή απο Οργανισμό/Αρχή: Πανεπιστήμιο Αιγαίου. Σχολή Θετικών Επιστημών. Τμήμα Μηχανικών Σχεδίασης Προϊόντων και Συστημάτων
Άλλοι συγγραφείς: Παπαδόπουλος, Δάνος (dgs [Επιβλέπων καθηγητής])
Μορφή: Thesis Βιβλίο
Γλώσσα:Greek
Δημοσίευση: 2015.
Θέματα:
Διαθέσιμο Online:http://hdl.handle.net/11610/8998
Ετικέτες: Προσθήκη ετικέτας
Δεν υπάρχουν, Καταχωρήστε ετικέτα πρώτοι!

MARC

LEADER 00000cam a2200000 a 4500
001 1/109727
008 160125s2015####gr | ||| |||| ||gre||
040 |a GR-MyUa  |b gre  |c GR-MyUa  |e AACR2 
041 0 |a gre 
082 7 |a 658.827   |2 (23)  
100 1 |a Ζάβιακας, Θωμάς. 
245 1 0 |a Σχεδίαση εταιρικής ταυτότητας συνδυαστικής διαδικτυακής υπηρεσίας αγοραπωλησιών και κοινωνικής δικτύωσης :   |b διπλωματική εργασία /   |c Θωμάς Ζάβιακας ; επιβλέπων καθηγητής Παπαδόπουλος Δάνος.  
260 |c 2015.  
300 |a 204 φύλλα :   |b εικ. ;   |c 30 εκ.  
502 |a Πτυχιακή εργασία - Πανεπιστήμιο Αιγαίου, Σύρος, 2015.  
504 |a Βιβλιογραφία: σ. 202-204.  
520 8 |a Η πρωτότυπη συνδυαστική διαδικτυακή υπηρεσία αγοραπωλησιών και κοινωνικής δικτύωσης (www.pazarionline.gr) αποτελεί ένα εργαλείο, ή καλύτερα μια πλατφόρμα που δίνει τη δυνατότητα στον καθένα που ψάχνει κάτι διαφορετικό από τα μαζικά προϊόντα που μπορεί να βρει στις μεγάλες αλυσίδες καταστημάτων, να κάνει τα ψώνια του μέσα από χιλιάδες επιλογές και κατηγορίες προϊόντων. Ο χρήστης μπορεί να ενημερωθεί για τα προϊόντα απευθείας από τον εκάστοτε παραγωγό, να τα αγοράσει με έκπτωση, αλλά και να αλληλεπιδράσει με άλλους χρήστες, είτε αυτοί είναι πωλητές, είτε αγοραστές, σε ένα ατελείωτο ψηφιακό «παιχνίδι». Η πλατφόρμα εστιάζει στην αγοραπωλησία τροφίμων, μια κατηγορία με πολλούς περιορισμούς και ιδιαιτερότητες και σχεδιαστικά ακολουθεί τις τάσεις της εποχής. Η κύρια διαφοροποίηση από τον ανταγωνισμό είναι ότι στο επίκεντρο βρίσκεται ο άνθρωπος και όχι τα προϊόντα, καθώς και ότι υπάρχει έντονη αλληλεπίδραση, κάτι που δεν έχουμε συνηθίσει μέχρι τώρα σε τέτοιου είδους site.  
650 0 |a Branding (Marketing) 
650 0 |a Social media. 
650 0 |a Electronic commerce. 
650 0 |a Dissertations, Academic  |z Greece. 
700 1 |a Παπαδόπουλος, Δάνος,  |e dgs [Επιβλέπων καθηγητής] 
710 2 |a Πανεπιστήμιο Αιγαίου.   |b Σχολή Θετικών Επιστημών.   |b Τμήμα Μηχανικών Σχεδίασης Προϊόντων και Συστημάτων. 
852 |a INST  |b SYROS  |c DIATR  |e 20161107  |h 658.827 ΖΑΒ  |p 005500012784  |q 005500012784  |t DIE  |y 23 
856 |u http://hdl.handle.net/11610/8998 
924 |a Ζάβιακας  |b Θωμάς  |y Σύρος  |z 2015-10 
970 |a Κοντού  |b Παρασκευή  |z 25/01/2016